[Event "Chennai op 3rd"]
[Site "Chennai"]
[Date "2011.01.19"]
[Round "3"]
[White "Kaushik, S."]
[Black "Mohanan, UC."]
[Result "1-0"]
[WhiteElo "2154"]
[BlackElo "2010"]
[PlyCount "51"]
[EventDate "2011.01.18"]
[EventType "swiss"]
[EventRounds "11"]
[EventCountry "IND"]
[SourceTitle "CBM 140 Extra"]
[Source "ChessBase"]
[SourceDate "2011.03.01"]
[SourceVersion "1"]
[SourceVersionDate "2011.03.01"]
[SourceQuality "1"]

1. e4 c5 2. Nf3 Nc6 3. d4 cxd4 4. Nxd4 Nf6 5. Nc3 d6 6. Bg5 e6 7. Qd2 Be7 8. 0-0-0 a6 9. f4 h6 10. Bxf6 gxf6 11. Be2 Qc7 12. f5 Nxd4 13. Qxd4 Qc5 14. Qd3 h5 15. Qg3 Kf8 16. Rhf1 Qe5 17. Qh4 Bd7 18. Nd5 Bc6 19. fxe6 fxe6 20. Nxf6 Bxf6 21. Rxf6+ Ke8 22. Bg4 hxg4 23. Qxh8+ Ke7 24. Qg7+ Kd8 25. Rf8+ Be8 26. Qxe5 1-0

[Event "New Delhi Parsvnath op 8th"]
[Site "New Delhi"]
[Date "2010.01.18"]
[Round "7"]
[White "Hegde, Ravi Gopal"]
[Black "Mohanan, UC."]
[Result "1-0"]
[WhiteElo "2208"]
[BlackElo "2024"]
[PlyCount "71"]
[EventDate "2010.01.14"]
[EventType "swiss"]
[EventRounds "11"]
[EventCountry "IND"]
[SourceTitle "CBM 134 Extra"]
[Source "ChessBase"]
[SourceDate "2010.03.03"]
[SourceVersion "1"]
[SourceVersionDate "2010.03.03"]
[SourceQuality "1"]

1. Nf3 e6 2. c4 c5 3. g3 d5 4. Bg2 Nf6 5. 0-0 d4 6. e3 Be7 7. exd4 cxd4 8. d3 Nc6 9. Na3 0-0 10. Bf4 Bd6 11. Bxd6 Qxd6 12. Re1 a6 13. Nc2 e5 14. b4 Bg4 15. Qd2 b5 16. c5 Qc7 17. a4 Rab8 18. axb5 axb5 19. Ra6 Be6 20. Rxc6 Qxc6 21. Nxe5 Qc7 22. Nc6 Rbe8 23. N6xd4 Bd5 24. Nxb5 Rxe1+ 25. Qxe1 Qd7 26. Nd6 Bxg2 27. Kxg2 Qc6+ 28. Kg1 Qd5 29. d4 Ra8 30. b5 Qb3 31. b6 Qxc2 32. b7 Rf8 33. Qe7 Qb1+ 34. Kg2 Nd5 35. Qe5 Nc7 36. c6 1-0

[Event "New Delhi Parsvnath op 7th"]
[Site "New Delhi"]
[Date "2009.01.11"]
[Round "2"]
[White "Djuraev, Sokhib"]
[Black "Mohanan, UC."]
[Result "1-0"]
[WhiteElo "2353"]
[BlackElo "2081"]
[PlyCount "67"]
[EventDate "2009.01.11"]
[EventType "swiss"]
[EventRounds "10"]
[EventCountry "IND"]
[SourceTitle "CBM 128 Extra"]
[Source "ChessBase"]
[SourceDate "2009.03.05"]
[SourceVersion "2"]
[SourceVersionDate "2009.03.25"]
[SourceQuality "1"]

1. e4 c5 2. Nf3 d6 3. d4 cxd4 4. Nxd4 Nf6 5. f3 Nc6 6. c4 e5 7. Nc2 Be6 8. Nc3 Be7 9. Bd3 Qb6 10. Rb1 0-0 11. Be3 Qc7 12. Nd5 Bxd5 13. cxd5 Nb8 14. 0-0 Nbd7 15. Qd2 Rfc8 16. Rfc1 Nf8 17. a4 h6 18. Na3 Qd7 19. b3 N6h7 20. Rxc8 Qxc8 21. Nc4 b6 22. Qb4 Qd8 23. a5 bxa5 24. Nxa5 Bg5 25. Bf2 Bf4 26. Nb7 Qc7 27. Nxd6 Qe7 28. Qb7 Qxd6 29. Qxa8 Qg6 30. Qc6 Qh5 31. h4 Nf6 32. Bc4 Ng6 33. g4 Nxg4 34. Qc8+ 1-0